| 000 | 00568nam a22002297a 4500 | ||
|---|---|---|---|
| 003 | UA-OsUOA | ||
| 001 | 49670 | ||
| 007 | ta | ||
| 008 | 20071010b un ||||| |||| 00| 0 ukr d | ||
| 100 | _aБабенко-Вудбері В. | ||
| 090 |
_a82 _bБ12 |
||
| 942 | _cBK | ||
| 040 |
_aUA-OsUOA _bukr _cUA-OsUOA _dUA-OsUOA |
||
| 245 | _aОбратно к врагам | ||
| 300 | _a338 с. | ||
| 955 | _a3 | ||
| 041 | _aukr | ||
| 080 | _a82 | ||
| 260 |
_aК. _c2003 |
||
| 650 | 7 |
_a82 Література. Літературознавство _2UDC |
|
| 999 |
_c335792 _d335792 |
||